Quezon : Paladin of Philippines freedom
This book describes in Quezon; Paladin of Philippine freedom in politics and law philippines
Zapisane w:
| 1. autor: | |
|---|---|
| Format: | Książka |
| Język: | Undetermined |
| Wydane: |
Manila
Filipiniana Book Guild
1971
|
| Etykiety: |
Dodaj etykietę
Nie ma etykietki, Dołącz pierwszą etykiete!
|
| Thư viện lưu trữ: | Trung tâm Học liệu Trường Đại học Cần Thơ |
|---|
| LEADER | 00583nam a2200193Ia 4500 | ||
|---|---|---|---|
| 001 | CTU_218550 | ||
| 008 | 210402s9999 xx 000 0 und d | ||
| 082 | |a 959.9 | ||
| 082 | |b Q8/Vol.18 | ||
| 100 | |a Quirino, Carlos | ||
| 245 | 0 | |a Quezon : | |
| 245 | 0 | |b Paladin of Philippines freedom | |
| 245 | 0 | |c Carlos Quirino | |
| 260 | |a Manila | ||
| 260 | |b Filipiniana Book Guild | ||
| 260 | |c 1971 | ||
| 520 | |a This book describes in Quezon; Paladin of Philippine freedom in politics and law philippines | ||
| 904 | |i Trúc | ||
| 980 | |a Trung tâm Học liệu Trường Đại học Cần Thơ | ||